Sprache und Praxis
| Format: | Book |
|---|---|
| Language: | German |
| PhysicalDescription: | 336 s. 8° |
| Published: |
Leipzig
Verl. Enzyklopädie
1987
|
| Edition: | 15., unveränd. Aufl. |
MARC
| LEADER | 00000nam a2200000 a 4500 | ||
|---|---|---|---|
| 001 | vtls001365774 | ||
| 003 | SK-MaSNL | ||
| 005 | 20260223173622.0 | ||
| 008 | 210928s1987 DE 0 ger | ||
| 035 | |a SNK000319428 | ||
| 040 | |a SNK |b slo |c SNK |e AACR2 | ||
| 041 | 0 | |a ger | |
| 044 | |a DE | ||
| 245 | 1 | |a Sprache und Praxis | |
| 250 | |a 15., unveränd. Aufl. | ||
| 260 | |a Leipzig |b Verl. Enzyklopädie |c 1987 | ||
| 300 | |a 336 s. |c 8° | ||
| 958 | |a RK | ||
| 958 | |a OND | ||
| 999 | |c 635404 |d 637334 | ||
| 952 | |t P60, <04>, [BOOK], {604} |a SNK |b SNK |y VYP |7 0 |p 17A0373326 |o snkIC 106265 |i snkK 2776/87 |0 0 |1 0 |4 0 |d 1999-06-15 |l 0 |r 2005-01-02 00:00:00 |w 2026-02-23 | ||


